000 01134nam a22002417a 4500
999 _c63580
_d63580
003 Ge_BSU
005 20251106143837.0
008 251106s2023 ge ||||| |||| 00| 0 geo d
020 _a9789941858932
041 _ageo
080 _a070(075.3) ი-54
100 _aინგოროყვა, ნატო
_97164
245 _aმედიაწიგნიერების გაკვეთილები :
_b[სახელმძღვანელო] /
_cავტორი ნატო ინგოროყვა.
264 _aთბილისი,
_c 2023.
300 _a132 გვ. :
_bილ. ;
_c30 სმ.
504 _aბიბლიოგრაფია: გვ. 130-131.
653 _aმედიაწიგნიერება
653 _aინფორმაციის დამუსავების ამოცანები
653 _aმედიაწიგნიერების რაობა
653 _aკიბერუდაფრთხოება და დეზინფორმაცია
773 _tნაჩუქარი
942 _2udc
_cᲬᲘᲒᲜᲘ